[Event "Elite Hotels Open 2025"]
[Site "Elite Stadshotellet, Växjö, Sweden"]
[Date "2025.02.09"]
[Round "7.5"]
[White "Ernst, Thomas"]
[Black "Karlsson, Stefan 2005"]
[Result "1-0"]
[TimeControl "R1-4: 15 min + 5 sek, R5-8: 90 min + 30 sek"]
[WhiteTitle "GM"]
[WhiteElo "2299"]
[BlackElo "2050"]

1. d4 {[%clk 01:30:30]} {[%emt 13:04:59]} Nf6 {[%clk 01:30:34]} {[%emt
00:01:15]} 2. c4 {[%clk 01:31:21]} {[%emt 00:00:07]} g6 {[%clk 01:30:45]}
{[%emt 00:00:09]} 3. Nc3 {[%clk 01:31:44]} {[%emt 00:00:18]} Bg7 {[%clk
01:31:08]} {[%emt 00:00:05]} 4. e4 {[%clk 01:32:06]} {[%emt 00:00:10]} d6
{[%clk 01:31:35]} {[%emt 00:00:03]} 5. f3 {[%clk 01:32:22]} {[%emt 00:00:14]}
O-O {[%clk 01:31:55]} {[%emt 00:00:09]} 6. Be3 {[%clk 01:32:44]} {[%emt
00:00:08]} c5 {[%clk 01:32:22]} {[%emt 00:00:05]} 7. dxc5 {[%clk 01:32:58]}
{[%emt 00:00:15]} dxc5 {[%clk 01:32:47]} {[%emt 00:00:05]} 8. Qxd8 {[%clk
01:33:19]} {[%emt 00:00:08]} Rxd8 {[%clk 01:32:46]} {[%emt 00:00:32]} 9. Bxc5
{[%clk 01:33:36]} {[%emt 00:00:14]} Nc6 {[%clk 01:32:28]} {[%emt 00:00:48]} 10.
Nge2 {[%clk 01:33:46]} {[%emt 00:00:19]} b6 {[%clk 01:31:29]} {[%emt 00:01:29]}
11. Ba3 {[%clk 01:33:35]} {[%emt 00:00:41]} Ba6 {[%clk 01:23:59]} {[%emt
00:08:00]} 12. b3 {[%clk 01:33:56]} {[%emt 00:00:08]} Rd7 {[%clk 01:17:10]}
{[%emt 00:07:20]} 13. Rd1 {[%clk 01:32:38]} {[%emt 00:01:48]} Rad8 {[%clk
01:17:16]} {[%emt 00:00:23]} 14. Rxd7 {[%clk 01:32:53]} {[%emt 00:00:16]} Nxd7
{[%clk 01:15:46]} {[%emt 00:01:59]} 15. Nd5 {[%clk 01:32:15]} {[%emt 00:01:08]}
Nde5 {[%clk 01:10:20]} {[%emt 00:05:56]} 16. Nc1 {[%clk 00:57:11]} {[%emt
00:35:34]} e6 {[%clk 00:48:35]} {[%emt 00:22:15]} 17. Ne7+ {[%clk 00:57:26]}
{[%emt 00:00:16]} Nxe7 {[%clk 00:48:24]} {[%emt 00:00:41]} 18. Bxe7 {[%clk
00:57:48]} {[%emt 00:00:08]} Rd7 {[%clk 00:48:09]} {[%emt 00:00:45]} 19. Bg5
{[%clk 00:56:46]} {[%emt 00:01:31]} f5 {[%clk 00:44:03]} {[%emt 00:04:36]} 20.
exf5 {[%clk 00:55:07]} {[%emt 00:02:10]} gxf5 {[%clk 00:35:43]} {[%emt
00:08:50]} 21. Be2 {[%clk 00:55:08]} {[%emt 00:00:28]} Nc6 {[%clk 00:29:46]}
{[%emt 00:06:28]} 22. Kf2 {[%clk 00:51:39]} {[%emt 00:03:57]} Nb4 {[%clk
00:26:04]} {[%emt 00:04:14]} 23. Rd1 {[%clk 00:48:14]} {[%emt 00:03:54]} Rxd1
{[%clk 00:26:12]} {[%emt 00:00:23]} 24. Bxd1 {[%clk 00:48:39]} {[%emt
00:00:05]} Bb2 {[%clk 00:24:41]} {[%emt 00:02:01]} 25. Bd2 {[%clk 00:47:44]}
{[%emt 00:01:25]} Bxc1 {[%clk 00:24:33]} {[%emt 00:00:38]} 26. Bxb4 {[%clk
00:47:56]} {[%emt 00:00:18]} Bf4 {[%clk 00:24:25]} {[%emt 00:00:38]} 27. g3
{[%clk 00:46:11]} {[%emt 00:02:15]} Bb8 {[%clk 00:24:41]} {[%emt 00:00:14]} 28.
Be2 {[%clk 00:43:39]} {[%emt 00:03:01]} Kf7 {[%clk 00:20:34]} {[%emt 00:04:37]}
29. c5 {[%clk 00:43:34]} {[%emt 00:00:35]} bxc5 {[%clk 00:18:37]} {[%emt
00:02:28]} 30. Bxc5 {[%clk 00:43:44]} {[%emt 00:00:21]} Bc8 {[%clk 00:10:58]}
{[%emt 00:08:07]} 31. f4 {[%clk 00:42:14]} {[%emt 00:02:00]} Bd7 {[%clk
00:09:59]} {[%emt 00:01:30]} 32. a4 {[%clk 00:41:31]} {[%emt 00:01:13]} Bc6
{[%clk 00:07:43]} {[%emt 00:02:45]} 33. a5 {[%clk 00:40:14]} {[%emt 00:01:48]}
Ke8 {[%clk 00:05:45]} {[%emt 00:02:28]} 34. b4 {[%clk 00:39:20]} {[%emt
00:01:23]} Kd8 {[%clk 00:05:36]} {[%emt 00:00:39]} 35. Bc4 {[%clk 00:38:01]}
{[%emt 00:01:47]} Bd7 {[%clk 00:05:23]} {[%emt 00:00:45]} 36. b5 {[%clk
00:36:40]} {[%emt 00:01:51]} Kc8 {[%clk 00:05:32]} {[%emt 00:00:22]} 37. a6
{[%clk 00:36:22]} {[%emt 00:00:48]} Kc7 {[%clk 00:05:27]} {[%emt 00:00:35]} 38.
Ke3 {[%clk 00:35:30]} {[%emt 00:01:22]} Kc8 {[%clk 00:05:39]} {[%emt 00:00:18]}
39. Kd4 {[%clk 00:35:18]} {[%emt 00:00:41]} h6 {[%clk 00:04:54]} {[%emt
00:01:15]} 40. h3 {[%clk 00:30:53]} {[%emt 00:04:55]} h5 {[%clk 00:04:42]}
{[%emt 00:00:42]} 41. h4 {[%clk 00:31:11]} {[%emt 00:00:12]} Kd8 {[%clk
00:04:40]} {[%emt 00:00:33]} 42. b6 {[%clk 00:30:46]} {[%emt 00:00:55]} axb6
{[%clk 00:05:00]} {[%emt 00:00:10]} 43. Bxb6+ {[%clk 00:31:07]} {[%emt
00:00:09]} Kc8 {[%clk 00:05:24]} {[%emt 00:00:06]} 44. a7 {[%clk 00:29:40]}
{[%emt 00:01:57]} 1-0

[Event "Elite Hotels Open 2025"]
[Site "Elite Stadshotellet, Växjö, Sweden"]
[Date "2025.02.09"]
[Round "7.6"]
[White "Kucuksari, Kaan"]
[Black "Perets, Dmytro"]
[Result "1/2-1/2"]
[TimeControl "R1-4: 15 min + 5 sek, R5-8: 90 min + 30 sek"]
[WhiteTitle "IM"]
[WhiteElo "2463"]
[BlackElo "2059"]

1. d4 {[%clk 01:30:58]} {[%emt 00:00:02]} Nf6 {[%clk 01:29:22]} {[%emt
00:01:38]} 2. Nf3 {[%clk 01:31:24]} {[%emt 00:00:04]} e6 {[%clk 01:27:58]}
{[%emt 00:01:54]} 3. Bf4 {[%clk 01:31:48]} {[%emt 00:00:06]} d5 {[%clk
01:28:12]} {[%emt 00:00:16]} 4. e3 {[%clk 01:32:14]} {[%emt 00:00:04]} c5
{[%clk 01:27:56]} {[%emt 00:00:47]} 5. c3 {[%clk 01:32:36]} {[%emt 00:00:07]}
Nc6 {[%clk 01:28:16]} {[%emt 00:00:11]} 6. Nbd2 {[%clk 01:33:00]} {[%emt
00:00:05]} Nh5 {[%clk 01:28:27]} {[%emt 00:00:19]} 7. Bg5 {[%clk 01:33:22]}
{[%emt 00:00:09]} f6 {[%clk 01:28:53]} {[%emt 00:00:04]} 8. Bh4 {[%clk
01:33:41]} {[%emt 00:00:10]} g6 {[%clk 01:29:21]} {[%emt 00:00:02]} 9. Be2
{[%clk 01:33:54]} {[%emt 00:00:17]} cxd4 {[%clk 01:29:45]} {[%emt 00:00:07]} 10.
cxd4 {[%clk 01:34:21]} {[%emt 00:00:03]} Be7 {[%clk 01:29:41]} {[%emt
00:00:34]} 11. O-O {[%clk 01:34:12]} {[%emt 00:00:38]} O-O {[%clk 01:29:16]}
{[%emt 00:00:56]} 12. Rc1 {[%clk 01:34:23]} {[%emt 00:00:18]} Ng7 {[%clk
01:26:33]} {[%emt 00:03:13]} 13. Bg3 {[%clk 01:34:43]} {[%emt 00:00:10]} Nh5
{[%clk 01:22:57]} {[%emt 00:04:06]} 14. Nb3 {[%clk 01:33:55]} {[%emt 00:01:18]}
Nxg3 {[%clk 01:23:21]} {[%emt 00:00:07]} 15. hxg3 {[%clk 01:34:20]} {[%emt
00:00:04]} Na5 {[%clk 01:07:13]} {[%emt 00:16:38]} 16. Nfd2 {[%clk 01:29:49]}
{[%emt 00:05:01]} Nxb3 {[%clk 00:57:32]} {[%emt 00:10:12]} 17. Nxb3 {[%clk
01:30:17]} {[%emt 00:00:01]} b6 {[%clk 00:56:58]} {[%emt 00:01:05]} 18. Bb5
{[%clk 01:30:41]} {[%emt 00:00:06]} Bb7 {[%clk 00:50:44]} {[%emt 00:06:44]} 19.
Bc6 {[%clk 01:31:09]} {[%emt 00:00:02]} Rb8 {[%clk 00:50:10]} {[%emt 00:01:04]}
20. Qg4 {[%clk 01:27:44]} {[%emt 00:03:54]} Qd6 {[%clk 00:37:38]} {[%emt
00:13:02]} 21. Bxb7 {[%clk 01:28:11]} {[%emt 00:00:04]} Rxb7 {[%clk 00:38:05]}
{[%emt 00:00:03]} 22. Rc3 {[%clk 01:28:18]} {[%emt 00:00:22]} Bd8 {[%clk
00:33:28]} {[%emt 00:05:08]} 23. Rfc1 {[%clk 01:28:31]} {[%emt 00:00:17]} Rc7
{[%clk 00:33:53]} {[%emt 00:00:05]} 24. Rxc7 {[%clk 01:27:03]} {[%emt
00:01:58]} Bxc7 {[%clk 00:34:21]} 25. Qe2 {[%clk 01:27:23]} {[%emt 00:00:10]}
Qd7 {[%clk 00:33:49]} {[%emt 00:01:03]} 26. e4 {[%clk 01:24:52]} {[%emt
00:03:01]} Rf7 {[%clk 00:29:39]} {[%emt 00:04:39]} 27. Nd2 {[%clk 01:23:43]}
{[%emt 00:01:40]} e5 {[%clk 00:28:54]} {[%emt 00:01:15]} 28. dxe5 {[%clk
01:20:59]} {[%emt 00:03:14]} Bxe5 {[%clk 00:28:41]} {[%emt 00:00:42]} 29. Nf3
{[%clk 01:21:22]} {[%emt 00:00:07]} dxe4 {[%clk 00:27:53]} {[%emt 00:01:19]} 30.
Nxe5 {[%clk 01:20:26]} {[%emt 00:01:25]} fxe5 {[%clk 00:28:20]} {[%emt
00:00:04]} 31. Rc4 {[%clk 01:20:48]} {[%emt 00:00:08]} Qd3 {[%clk 00:26:02]}
{[%emt 00:02:47]} 32. Rxe4 {[%clk 01:20:55]} {[%emt 00:00:23]} Qb1+ {[%clk
00:26:04]} {[%emt 00:00:28]} 33. Qe1 {[%clk 01:20:34]} {[%emt 00:00:52]} Qxb2
{[%clk 00:23:09]} {[%emt 00:03:24]} 34. Re2 {[%clk 01:19:48]} {[%emt 00:01:16]}
Qd4 {[%clk 00:23:04]} {[%emt 00:00:35]} 35. Re4 {[%clk 01:19:51]} {[%emt
00:00:27]} Qb2 {[%clk 00:23:25]} {[%emt 00:00:10]} 36. Re2 {[%clk 01:20:17]}
{[%emt 00:00:04]} 1/2-1/2

[Event "Elite Hotels Open 2025"]
[Site "Elite Stadshotellet, Växjö, Sweden"]
[Date "2025.02.09"]
[Round "7.7"]
[White "Jacobsen, Mikkel Manosri"]
[Black "Ask, Josef"]
[Result "1-0"]
[TimeControl "R1-4: 15 min + 5 sek, R5-8: 90 min + 30 sek"]
[WhiteTitle "FM"]
[BlackTitle "FM"]
[WhiteElo "2314"]
[BlackElo "2115"]

1. d4 {[%clk 01:30:57]} {[%emt 00:00:02]} Nf6 {[%clk 01:30:44]} {[%emt
00:00:17]} 2. Nf3 {[%clk 01:31:22]} {[%emt 00:00:05]} b5 {[%clk 01:31:01]}
{[%emt 00:00:13]} 3. e4 {[%clk 01:20:57]} {[%emt 00:10:55]} Nxe4 {[%clk
01:29:50]} {[%emt 00:01:42]} 4. Bxb5 {[%clk 01:21:21]} {[%emt 00:00:05]} Bb7
{[%clk 01:28:26]} {[%emt 00:01:55]} 5. O-O {[%clk 01:21:20]} {[%emt 00:00:30]}
e6 {[%clk 01:28:09]} {[%emt 00:00:48]} 6. Re1 {[%clk 01:20:20]} {[%emt
00:01:29]} Be7 {[%clk 01:26:21]} {[%emt 00:02:18]} 7. Qd3 {[%clk 01:20:10]}
{[%emt 00:00:40]} f5 {[%clk 01:25:36]} {[%emt 00:01:15]} 8. Nbd2 {[%clk
01:13:46]} {[%emt 00:06:54]} O-O {[%clk 01:25:12]} {[%emt 00:00:54]} 9. Nxe4
{[%clk 01:05:24]} {[%emt 00:08:52]} fxe4 {[%clk 01:22:01]} {[%emt 00:03:42]} 10.
Rxe4 {[%clk 01:05:52]} {[%emt 00:00:02]} a6 {[%clk 01:19:07]} {[%emt 00:03:23]}
11. Ba4 {[%clk 01:04:28]} {[%emt 00:01:55]} Bxe4 {[%clk 01:17:25]} {[%emt
00:02:13]} 12. Qxe4 {[%clk 01:04:55]} {[%emt 00:00:01]} c6 {[%clk 01:17:22]}
{[%emt 00:00:33]} 13. Bd2 {[%clk 01:01:46]} {[%emt 00:03:39]} Qb6 {[%clk
01:14:07]} {[%emt 00:03:46]} 14. Rb1 {[%clk 01:01:42]} {[%emt 00:00:34]} a5
{[%clk 01:12:48]} {[%emt 00:01:49]} 15. c4 {[%clk 01:01:11]} {[%emt 00:01:00]}
Na6 {[%clk 01:07:57]} {[%emt 00:05:21]} 16. Bc2 {[%clk 01:01:23]} {[%emt
00:00:18]} g6 {[%clk 01:03:59]} {[%emt 00:04:29]} 17. Ne5 {[%clk 01:00:31]}
{[%emt 00:01:22]} Qd8 {[%clk 00:43:17]} {[%emt 00:21:12]} 18. Nxg6 {[%clk
01:00:26]} {[%emt 00:00:34]} Rf7 {[%clk 00:43:36]} {[%emt 00:00:12]} 19. Ne5
{[%clk 00:58:30]} {[%emt 00:02:26]} Qe8 {[%clk 00:38:34]} {[%emt 00:05:32]} 20.
Nxf7 {[%clk 00:54:53]} {[%emt 00:04:07]} Qxf7 {[%clk 00:39:01]} {[%emt
00:00:03]} 21. Bxa5 {[%clk 00:54:57]} {[%emt 00:00:26]} Nb4 {[%clk 00:35:56]}
{[%emt 00:03:35]} 22. Bxb4 {[%clk 00:54:47]} {[%emt 00:00:40]} Bxb4 {[%clk
00:36:16]} {[%emt 00:00:09]} 23. a3 {[%clk 00:54:58]} {[%emt 00:00:20]} Bd6
{[%clk 00:34:43]} {[%emt 00:02:02]} 24. Re1 {[%clk 00:53:58]} {[%emt 00:01:30]}
Rf8 {[%clk 00:34:27]} {[%emt 00:00:47]} 25. Re2 {[%clk 00:51:57]} {[%emt
00:02:30]} Qh5 {[%clk 00:33:50]} {[%emt 00:01:07]} 26. g3 {[%clk 00:52:21]}
{[%emt 00:00:07]} Rf6 {[%clk 00:32:01]} {[%emt 00:02:19]} 27. Kg2 {[%clk
00:51:40]} {[%emt 00:01:09]} Rh6 {[%clk 00:30:31]} {[%emt 00:02:01]} 28. h4
{[%clk 00:51:12]} {[%emt 00:00:58]} Rf6 {[%clk 00:28:14]} {[%emt 00:02:48]} 29.
Re3 {[%clk 00:50:46]} {[%emt 00:00:55]} Rf7 {[%clk 00:26:55]} {[%emt 00:01:50]}
30. Rf3 {[%clk 00:43:25]} {[%emt 00:07:51]} Rg7 {[%clk 00:27:09]} {[%emt
00:00:15]} 31. Bd1 {[%clk 00:43:37]} {[%emt 00:00:18]} Qh6 {[%clk 00:25:09]}
{[%emt 00:02:30]} 32. d5 {[%clk 00:43:06]} {[%emt 00:01:01]} cxd5 {[%clk
00:20:44]} {[%emt 00:04:55]} 33. cxd5 {[%clk 00:43:26]} {[%emt 00:00:10]} e5
{[%clk 00:20:19]} {[%emt 00:00:55]} 34. Qc4 {[%clk 00:43:11]} {[%emt 00:00:45]}
Rf7 {[%clk 00:15:11]} {[%emt 00:05:38]} 35. Rxf7 {[%clk 00:42:11]} {[%emt
00:01:30]} Kxf7 {[%clk 00:15:37]} {[%emt 00:00:05]} 36. Qc8 {[%clk 00:42:32]}
{[%emt 00:00:09]} Qf6 {[%clk 00:12:49]} {[%emt 00:03:17]} 37. Qxd7+ {[%clk
00:42:54]} {[%emt 00:00:09]} Kg8 {[%clk 00:11:47]} {[%emt 00:01:32]} 38. Bc2
{[%clk 00:42:57]} {[%emt 00:00:27]} h6 {[%clk 00:11:31]} {[%emt 00:00:46]} 39.
Bf5 {[%clk 00:43:18]} {[%emt 00:00:08]} Kf8 {[%clk 00:10:52]} {[%emt 00:01:10]}
40. Be6 {[%clk 00:43:32]} {[%emt 00:00:16]} Qe7 {[%clk 00:09:55]} {[%emt
00:01:27]} 41. Qc8+ {[%clk 00:42:31]} {[%emt 00:01:31]} Qe8 {[%clk 00:10:13]}
{[%emt 00:00:11]} 42. Qc2 {[%clk 00:41:01]} {[%emt 00:02:00]} Kg7 {[%clk
00:10:10]} {[%emt 00:00:34]} 43. b4 {[%clk 00:40:40]} {[%emt 00:00:50]} Qg6
{[%clk 00:08:55]} {[%emt 00:01:45]} 44. Bf5 {[%clk 00:40:18]} {[%emt 00:00:53]}
Qf7 {[%clk 00:09:18]} {[%emt 00:00:07]} 45. Be4 {[%clk 00:40:22]} {[%emt
00:00:25]} Qa7 {[%clk 00:09:16]} {[%emt 00:00:33]} 46. Qc6 {[%clk 00:40:24]}
{[%emt 00:00:28]} Qc7 {[%clk 00:08:41]} {[%emt 00:01:05]} 47. a4 {[%clk
00:40:14]} {[%emt 00:00:40]} Qxc6 {[%clk 00:06:19]} {[%emt 00:02:52]} 48. dxc6
{[%clk 00:40:35]} {[%emt 00:00:10]} Kf6 {[%clk 00:06:25]} {[%emt 00:00:23]} 49.
a5 {[%clk 00:40:58]} {[%emt 00:00:07]} 1-0

[Event "Elite Hotels Open 2025"]
[Site "Elite Stadshotellet, Växjö, Sweden"]
[Date "2025.02.09"]
[Round "7.8"]
[White "Medhus, Vitus Bondo"]
[Black "Johansson, Ulf 1966"]
[Result "1-0"]
[TimeControl "R1-4: 15 min + 5 sek, R5-8: 90 min + 30 sek"]
[WhiteTitle "FM"]
[WhiteElo "2261"]
[BlackElo "2101"]

1. d4 {[%clk 01:29:21]} {[%emt 00:01:38]} Nf6 {[%clk 01:30:44]} {[%emt
00:00:16]} 2. Nc3 {[%clk 01:29:29]} {[%emt 00:00:16]} d5 {[%clk 01:31:01]}
{[%emt 00:00:20]} 3. Bf4 {[%clk 01:29:43]} {[%emt 00:00:16]} g6 {[%clk
01:31:11]} {[%emt 00:00:21]} 4. Nb5 {[%clk 01:30:05]} {[%emt 00:00:08]} Na6
{[%clk 01:31:25]} {[%emt 00:00:15]} 5. e3 {[%clk 01:30:16]} {[%emt 00:00:19]}
Bg7 {[%clk 01:31:31]} {[%emt 00:00:24]} 6. Nf3 {[%clk 01:26:44]} {[%emt
00:04:02]} O-O {[%clk 01:27:37]} {[%emt 00:04:24]} 7. h4 {[%clk 01:24:11]}
{[%emt 00:03:03]} Bg4 {[%clk 01:27:47]} {[%emt 00:00:19]} 8. Be2 {[%clk
01:19:27]} {[%emt 00:05:14]} c6 {[%clk 01:27:54]} {[%emt 00:00:24]} 9. Nc3
{[%clk 01:18:35]} {[%emt 00:01:22]} Bxf3 {[%clk 01:28:11]} {[%emt 00:00:12]} 10.
Bxf3 {[%clk 01:18:21]} {[%emt 00:00:45]} Nd7 {[%clk 01:28:24]} {[%emt
00:00:17]} 11. h5 {[%clk 00:59:51]} {[%emt 00:18:59]} e5 {[%clk 01:27:44]}
{[%emt 00:01:10]} 12. Bg3 {[%clk 00:53:51]} {[%emt 00:06:31]} Nc7 {[%clk
01:27:08]} {[%emt 00:01:06]} 13. hxg6 {[%clk 00:52:41]} {[%emt 00:01:40]} hxg6
{[%clk 01:26:31]} {[%emt 00:01:07]} 14. Qd2 {[%clk 00:44:40]} {[%emt 00:08:31]}
Ne6 {[%clk 01:12:06]} {[%emt 00:14:55]} 15. Ne2 {[%clk 00:43:25]} {[%emt
00:01:46]} Qb6 {[%clk 00:58:26]} {[%emt 00:14:10]} 16. O-O-O {[%clk 00:41:39]}
{[%emt 00:02:15]} a5 {[%clk 00:56:00]} {[%emt 00:02:56]} 17. Bg4 {[%clk
00:38:01]} {[%emt 00:04:08]} Rfe8 {[%clk 00:56:21]} {[%emt 00:00:09]} 18. c3
{[%clk 00:35:59]} {[%emt 00:02:32]} a4 {[%clk 00:56:04]} {[%emt 00:00:47]} 19.
dxe5 {[%clk 00:34:15]} {[%emt 00:02:15]} Nxe5 {[%clk 00:55:35]} {[%emt
00:00:59]} 20. Bxe5 {[%clk 00:34:40]} {[%emt 00:00:05]} Bxe5 {[%clk 00:55:55]}
{[%emt 00:00:09]} 21. Bxe6 {[%clk 00:27:51]} {[%emt 00:07:20]} Rxe6 {[%clk
00:56:14]} {[%emt 00:00:10]} 22. Nd4 {[%clk 00:27:54]} {[%emt 00:00:27]} Ree8
{[%clk 00:49:33]} {[%emt 00:07:12]} 23. f4 {[%clk 00:27:57]} {[%emt 00:00:27]}
Bg7 {[%clk 00:48:55]} {[%emt 00:01:07]} 24. f5 {[%clk 00:27:01]} {[%emt
00:01:26]} a3 {[%clk 00:41:30]} {[%emt 00:07:56]} 25. b3 {[%clk 00:26:45]}
{[%emt 00:00:45]} c5 {[%clk 00:41:43]} {[%emt 00:00:17]} 26. Nc2 {[%clk
00:26:24]} {[%emt 00:00:52]} Rad8 {[%clk 00:41:34]} {[%emt 00:00:39]} 27. fxg6
{[%clk 00:26:10]} {[%emt 00:00:44]} fxg6 {[%clk 00:42:00]} {[%emt 00:00:04]} 28.
g3 {[%clk 00:21:30]} {[%emt 00:05:09]} Re5 {[%clk 00:29:29]} {[%emt 00:13:02]}
29. g4 {[%clk 00:18:56]} {[%emt 00:03:04]} Rf8 {[%clk 00:24:24]} {[%emt
00:05:35]} 30. Qh2 {[%clk 00:18:22]} {[%emt 00:01:04]} Rf7 {[%clk 00:24:44]}
{[%emt 00:00:10]} 31. Qh7+ {[%clk 00:15:29]} {[%emt 00:03:23]} Kf8 {[%clk
00:25:12]} {[%emt 00:00:02]} 32. Rhf1 {[%clk 00:15:39]} {[%emt 00:00:20]} Ree7
{[%clk 00:21:44]} {[%emt 00:03:57]} 33. Qh1 {[%clk 00:13:19]} {[%emt 00:02:50]}
d4 {[%clk 00:09:32]} {[%emt 00:12:43]} 34. exd4 {[%clk 00:13:08]} {[%emt
00:00:42]} cxd4 {[%clk 00:10:00]} 35. Qh2 {[%clk 00:11:03]} {[%emt 00:02:35]}
Qc6 {[%clk 00:06:55]} {[%emt 00:03:35]} 36. cxd4 {[%clk 00:09:43]} {[%emt
00:01:50]} Rxf1 {[%clk 00:05:55]} {[%emt 00:01:29]} 37. Rxf1+ {[%clk 00:10:11]}
{[%emt 00:00:03]} Kg8 {[%clk 00:06:25]} 38. Qd2 {[%clk 00:08:51]} {[%emt
00:01:50]} Re4 {[%clk 00:05:17]} {[%emt 00:01:38]} 39. d5 {[%clk 00:07:59]}
{[%emt 00:01:23]} Qb5 {[%clk 00:04:49]} {[%emt 00:00:57]} 40. Rd1 {[%clk
00:07:08]} {[%emt 00:01:22]} Qc5 {[%clk 00:04:06]} {[%emt 00:01:12]} 41. d6
{[%clk 00:06:51]} {[%emt 00:00:47]} Rd4 {[%clk 00:04:14]} {[%emt 00:00:22]} 42.
Qxd4 {[%clk 00:06:47]} {[%emt 00:00:34]} Bxd4 {[%clk 00:04:42]} {[%emt
00:00:02]} 43. Rxd4 {[%clk 00:07:15]} {[%emt 00:00:02]} Qg5+ {[%clk 00:04:12]}
{[%emt 00:01:00]} 44. Kd1 {[%clk 00:07:30]} {[%emt 00:00:15]} Qd8 {[%clk
00:03:14]} {[%emt 00:01:28]} 45. d7 {[%clk 00:07:53]} {[%emt 00:00:07]} Kf7
{[%clk 00:03:43]} {[%emt 00:00:01]} 46. Nxa3 {[%clk 00:08:14]} {[%emt
00:00:09]} Ke6 {[%clk 00:04:00]} {[%emt 00:00:13]} 47. Nc2 {[%clk 00:08:11]}
{[%emt 00:00:32]} Ke5 {[%clk 00:04:24]} {[%emt 00:00:07]} 48. a4 {[%clk
00:08:24]} {[%emt 00:00:18]} b6 {[%clk 00:04:48]} {[%emt 00:00:05]} 49. b4
{[%clk 00:08:40]} {[%emt 00:00:14]} g5 {[%clk 00:03:52]} {[%emt 00:01:26]} 50.
a5 {[%clk 00:08:45]} {[%emt 00:00:25]} bxa5 {[%clk 00:03:39]} {[%emt 00:00:43]}
51. bxa5 {[%clk 00:09:06]} {[%emt 00:00:10]} 1-0